Anàlisi del discurs pronunciat per la Reina de Gran Bretanya realitzada per l'Associació de Govern Local (LGA) : objectius del govern de Gran Bretanya pel món local per l'any 2000 objectius del govern de Gran Bretanya pel món local per l'any 2000
Descripción Física:
[6], 7 f. ; 29 cm
Otros Autores:
Patronat Flor de Maig
Materias:
Administració local -- Gran Bretanya
MARC
| LEADER | 00000nam a2200000Ia 4500 | ||
|---|---|---|---|
| 001 | 22357 | ||
| 008 | 160829s2000 xx 000 0 cat d | ||
| 080 | |a FU-55-6 | ||
| 245 | |a Anàlisi del discurs pronunciat per la Reina de Gran Bretanya realitzada per l'Associació de Govern Local (LGA) : |b objectius del govern de Gran Bretanya pel món local per l'any 2000 | ||
| 260 | |a Barcelona : |b Diuptació de Barcelona. Patronat Flor de Maig, |c 2000 | ||
| 300 | |a [6], 7 f. ; |c 29 cm | ||
| 650 | 0 | |a Administració local |z Gran Bretanya |9 42199 | |
| 700 | |a Patronat Flor de Maig |9 4512 | ||
| 710 | 1 | |a Barcelona (Catalunya : Província). |b Diputació |9 52408 | |
| 901 | |a Arxiu | ||
| 942 | |n 1 | ||
| 952 | |0 0 |1 0 |4 0 |6 FU556 |7 1 |9 50704 |a Arxiu |b Arxiu |d 2016-12-01 |l 0 |o FU-55-6 |p 22357 |r 2016-12-01 00:00:00 |w 2016-12-01 |y ARXIU | ||
| 999 | |c 54546 |d 54546 | ||